000 00368nam a2200145Ia 4500
008 230917s9999||||xx |||||||||||||| ||und||
040 _e133910
_aMAIN
041 _aEnglish
082 _a658.054678 R861D
100 _aRule, Jeff
245 0 _aDynamic HTML: The HTML developer's guide
260 _aReading
_bAddison-Wesley
_c1999
300 _a265 p.
942 _cBK
999 _c105216
_d105216